Czyja to płyta - prawdziwy polski rap - Statystyki

Ogólne statystyki
  • Ten quiz został rozwiązany 20 razy
  • Średni wynik to 4 z 15
Statystyki odpowiedzi
Płyta Wykonawca % Poprawnych
Na legalu Peja
81%
Skandal Molesta
56%
Wiara Gwarancją Wygranej Chada
38%
Światła miasta Grammatik
38%
Masz to jak w banku O.S.T.R.
38%
Masz i pomyśl WWO
31%
Prewersje Fokus
25%
Świeży materiał Waco
19%
Wszystko z dymem Włodi
19%
Outsider Fenomen
6%
Wróg publiczny numer jeden JWP
6%
Sensi Pelson
6%
Naturalnie EP Te-Tris
6%
Na szlaku po czek VNM
6%
Wyższe dobro W.E.N.A.
6%
Nie znaleziono quizów pasujących do podanych kryteriów
Rozkład punktacji
Procent ludzi z każdym wynikiem
Percentyl według liczby udzielonych odpowiedzi
Twoja historia wyników
Nie rozwiązałeś tego quizu